Rocks and soil

Bibliographic Details
Main Author: Tony Thompson
Format: Book
Published: Kuala Lumpur : Penerbitan Gema Insan , 2006
Series:Understanding science series
Subjects:

MARC

LEADER 00000cam a2200000 7i4500
001 0000001057
005 20151222.0
008 070704
020 |a 9835701415 
090 0 0 |a JF   |b SC ENG (1151) 
100 1 |a Tony Thompson 
245 1 0 |a Rocks and soil   |c Tony Thompson 
260 |a Kuala Lumpur :   |b Penerbitan Gema Insan ,   |c 2006 
440 0 |a Understanding science series 
500 |a Children ages 7-9 years old (orange) 
650 0 |a Science 
999 |a 0000954674   |b Book   |c Children Collection   |e Perbadanan Perpustakaan Awam Johor 
999 |a 0000954675   |b Book   |c Children Collection   |e Perbadanan Perpustakaan Awam Johor 
999 |a 0000954676   |b Book   |c Children Collection   |e Perbadanan Perpustakaan Awam Johor 
999 |a 0000954677   |b Book   |c Children Collection   |e Perbadanan Perpustakaan Awam Johor 
999 |a 0001050943   |b Book   |c Children Collection   |e Cawangan Segamat 
999 |a 0001050944   |b Book   |c Children Collection   |e Cawangan Segamat